[Event "CPV-ch"]
[Site "Ponta do Sol"]
[Date "2023.12.04"]
[Round "2"]
[White "Vaz, Jose Carlos"]
[Black "Barros, Luis"]
[Result "0-1"]
[WhiteElo "1833"]
[BlackElo "1656"]
[PlyCount "106"]
[EventDate "2023.12.03"]
[EventType "tourn"]
[EventRounds "9"]
[EventCountry "KAP"]
[SourceTitle "CB50_2023"]
[SourceDate "2023.12.13"]
[SourceVersion "1"]
[SourceVersionDate "2023.12.13"]
[SourceQuality "1"]

1. e4 c5 2. Nf3 d6 3. Bb5+ Nc6 4. Bxc6+ bxc6 5. c4 Be6 6. d3 g6 7. Ng5 Bg7 8. Nxe6 fxe6 9. Qf3 Qd7 10. 0-0 Nf6 11. e5 dxe5 12. Nc3 0-0 13. Qe2 Qd6 14. Be3 e4 15. dxe4 Qe5 16. f4 Qh5 17. Qxh5 Nxh5 18. e5 Bh6 19. g3 Rab8 20. b3 Rb7 21. Rad1 Ng7 22. g4 Ne8 23. g5 Bg7 24. Bxc5 Bh8 25. Rd4 Ng7 26. Rfd1 Nf5 27. Rd7 Rxd7 28. Rxd7 h6 29. Ne4 Bg7 30. Bxa7 Nh4 31. Be3 Nf3+ 32. Kf2 Nxe5 33. Rxe7 Nd3+ 34. Kg3 e5 35. Nf6+ Bxf6 36. gxf6 exf4+ 37. Bxf4 g5 38. f7+ Rxf7 39. Rxf7 Kxf7 40. Bd2 Kg6 41. b4 Nb2 42. c5 h5 43. b5 cxb5 44. c6 Nc4 45. c7 Nd6 46. Bb4 Nc8 47. Kf3 Kf5 48. Ke3 Ke5 49. Kd3 Kd5 50. Bd2 g4 51. Kc3 h4 52. Bf4 Ke4 53. Bd2 g3 0-1

[Event "Lisbon Portugal rapid 2op"]
[Site "Lisbon"]
[Date "2020.02.02"]
[Round "3"]
[White "Barros, Luis"]
[Black "Botelho, Luis Miguel Rodrigu"]
[Result "1-0"]
[WhiteElo "1619"]
[BlackElo "2016"]
[PlyCount "124"]
[EventDate "2020.01.02"]
[EventType "swiss (rapid)"]
[EventRounds "8"]
[EventCountry "POR"]
[SourceTitle "CBM 194 Extra"]
[Source "ChessBase"]
[SourceDate "2020.03.31"]
[SourceVersion "1"]
[SourceVersionDate "2020.03.31"]
[SourceQuality "1"]

1. e4 c5 2. Nf3 g6 3. c3 Bg7 4. Bc4 e6 5. d4 cxd4 6. cxd4 d5 7. exd5 exd5 8. Bb3 Ne7 9. 0-0 0-0 10. Bg5 Nbc6 11. Re1 Re8 12. Nc3 Bg4 13. Nxd5 Qd7 14. Nxe7+ Nxe7 15. h3 Bxf3 16. Qxf3 Nc6 17. Ba4 Nxd4 18. Bxd7 Nxf3+ 19. gxf3 Rxe1+ 20. Rxe1 h6 21. Bc1 Rd8 22. Re8+ Rxe8 23. Bxe8 Kf8 24. Bb5 Ke7 25. Kf1 Kd6 26. Ke2 Kc5 27. Bd3 b5 28. b3 a5 29. a3 h5 30. Be3+ Kc6 31. Be4+ Kd6 32. Kd3 f5 33. Bb7 Bb2 34. a4 Kc7 35. Bd5 bxa4 36. bxa4 Be5 37. Bf7 f4 38. Bc5 g5 39. Bxh5 Bf6 40. Bd4 Be7 41. Bc3 Kb6 42. Ke4 Bd8 43. Kf5 Kc5 44. Bf6 Bc7 45. h4 Kb4 46. Bxg5 Bb6 47. Be8 Bxf2 48. Kxf4 Kc5 49. Bf6 Kd6 50. h5 Ke6 51. Bc3 Bb6 52. h6 Ke7 53. Bb5 Bc7+ 54. Be5 Bxe5+ 55. Kxe5 Kf7 56. Bd3 Kg8 57. f4 Kf7 58. f5 Kg8 59. Ke6 Kh7 60. f6+ Kh8 61. Bb5 Kh7 62. Ke5 Kg6 1-0

[Event "Figueira da Foz op 13th"]
[Site "Figueira da Foz"]
[Date "2019.11.01"]
[Round "7"]
[White "Barros, Luis"]
[Black "Vera Cruz, Aguinaldo Jr"]
[Result "1-0"]
[WhiteElo "1628"]
[BlackElo "1558"]
[PlyCount "131"]
[EventDate "2019.10.27"]
[EventType "swiss"]
[EventRounds "9"]
[EventCountry "POR"]
[SourceTitle "CBM 192 Extra"]
[Source "Chessbase"]
[SourceDate "2019.11.06"]
[SourceVersion "1"]
[SourceVersionDate "2019.11.06"]
[SourceQuality "1"]

1. e4 e5 2. Nf3 Nc6 3. c3 a6 4. Bc4 Bc5 5. d4 exd4 6. cxd4 Bb4+ 7. Nc3 Bxc3+ 8. bxc3 h6 9. Qb3 Qe7 10. 0-0 Na5 11. Qa4 Nxc4 12. Qxc4 d6 13. e5 Bd7 14. Qxc7 Bc6 15. exd6 Qxc7 16. dxc7 Bxf3 17. gxf3 Nf6 18. Rb1 b5 19. c4 0-0 20. d5 bxc4 21. d6 Nd7 22. Re1 Rfe8 23. Bf4 f5 24. h4 Kf7 25. Re3 a5 26. Rc1 Nb6 27. Rd1 Rxe3 28. Bxe3 Nd7 29. Rd4 Ke6 30. f4 Nb6 31. Rd1 Nd7 32. Bc1 Nc5 33. Ba3 Nd7 34. Re1+ Kd5 35. Re7 Kc6 36. Rxg7 c3 37. Kf1 Re8 38. Re7 Rg8 39. Re3 Nb6 40. Rxc3+ Kd7 41. Rb3 Kc6 42. Rc3+ Kd7 43. Ke2 Rg4 44. Rb3 Nc8 45. Ke3 Rxh4 46. f3 Rh1 47. Kd4 h5 48. Rb5 h4 49. Rxf5 Ke6 50. Re5+ Kd7 51. Rh5 Nb6 52. f5 h3 53. Rh7+ Kc8 54. Rh8+ Kd7 55. Rd8+ Kc6 56. c8Q+ Nxc8 57. Rxc8+ Kd7 58. Rc7+ Kd8 59. Kd5 h2 60. Rh7 Rd1+ 61. Ke5 h1Q 62. Rxh1 Rxh1 63. Bc5 Ke8 64. f6 Rh6 65. d7+ Kxd7 66. f7 1-0

[Event "Figueira da Foz op 13th"]
[Site "Figueira da Foz"]
[Date "2019.10.30"]
[Round "4"]
[White "Barros, Luis"]
[Black "Moes Joaquim, Carlos"]
[Result "1-0"]
[WhiteElo "1628"]
[BlackElo "1400"]
[PlyCount "69"]
[EventDate "2019.10.27"]
[EventType "swiss"]
[EventRounds "9"]
[EventCountry "POR"]
[SourceTitle "CBM 192 Extra"]
[Source "Chessbase"]
[SourceDate "2019.11.06"]
[SourceVersion "1"]
[SourceVersionDate "2019.11.06"]
[SourceQuality "1"]

1. e4 c5 2. Nf3 Nc6 3. c3 d5 4. d4 dxe4 5. Ng5 Bf5 6. Bb5 e6 7. Qa4 Nge7 8. Nd2 cxd4 9. Ngxe4 a6 10. Be2 dxc3 11. bxc3 b5 12. Qc2 Nd5 13. 0-0 Bd6 14. Bd3 Be7 15. Nf3 0-0 16. Neg5 Bxd3 17. Qxd3 g6 18. Re1 Qc7 19. Bb2 Rad8 20. Qe4 h6 21. Nxe6 fxe6 22. Qxe6+ Kh7 23. c4 Nf4 24. Qxc6 Bd6 25. Qxc7+ Bxc7 26. Re7+ Kg8 27. Rg7+ Kh8 28. Rxc7+ Kg8 29. c5 Rf5 30. Rg7+ Kf8 31. Rh7 Rd3 32. Rh8+ Ke7 33. Re1+ Ne6 34. Rh7+ Rf7 35. Rxf7+ 1-0

[Event "Figueira da Foz op 13th"]
[Site "Figueira da Foz"]
[Date "2019.10.29"]
[Round "3"]
[White "Goncalves, Lucas Jordao"]
[Black "Barros, Luis"]
[Result "1-0"]
[WhiteElo "1447"]
[BlackElo "1628"]
[PlyCount "139"]
[EventDate "2019.10.27"]
[EventType "swiss"]
[EventRounds "9"]
[EventCountry "POR"]
[SourceTitle "CBM 192 Extra"]
[Source "Chessbase"]
[SourceDate "2019.11.06"]
[SourceVersion "1"]
[SourceVersionDate "2019.11.06"]
[SourceQuality "1"]

1. e4 c5 2. Nf3 g6 3. d4 e6 4. Nc3 a6 5. Be3 d5 6. exd5 exd5 7. dxc5 Nf6 8. Qd2 Nc6 9. 0-0-0 Be6 10. Nd4 Qa5 11. Nb3 Qc7 12. Be2 Bg7 13. Bf3 Rd8 14. Bf4 Qc8 15. Na4 Ne4 16. Qe3 Nb4 17. a3 Qc6 18. axb4 Qxa4 19. Bxe4 Qa2 20. Bf3 Qxb2+ 21. Kd2 d4 22. Qd3 0-0 23. Rb1 Qa3 24. Kd1 Qxb4 25. Bd2 Qa4 26. Bxb7 Bc4 27. Qf3 d3 28. Be4 Qa2 29. Rc1 Rfe8 30. c6 dxc2+ 31. Bxc2 Be2+ 32. Qxe2 Rxe2 33. Kxe2 Qa4 34. Nc5 Qxc6 35. Be4 Qb5+ 36. Bd3 Re8+ 37. Be3 Qb4 38. Nxa6 Qg4+ 39. Kf1 Rd8 40. h3 Qa4 41. Nc5 Qa3 42. Ke2 Bf8 43. Rhd1 Rc8 44. Ne4 Qb2+ 45. Kf3 Rxc1 46. Rxc1 f5 47. Ng5 Qb7+ 48. Ke2 Qe7 49. f4 h6 50. Ne6 Qb7 51. Kf2 Bd6 52. Rc2 h5 53. Bd4 h4 54. Bc4 Kh7 55. Ra2 Be7 56. Ra6 Qb4 57. Ra8 Qd2+ 58. Be2 g5 59. Ra7 Qb4 60. Nxg5+ Kg8 61. Ra8+ Bf8 62. Ne6 Kf7 63. Ng5+ Ke7 64. Ra7+ Kd6 65. Be5+ Kd5 66. Rd7+ Kc6 67. Rc7+ Kb6 68. Ne6 Bd6 69. Bd4+ Ka5 70. Ra7# 1-0

[Event "Figueira da Foz op 13th"]
[Site "Figueira da Foz"]
[Date "2019.10.28"]
[Round "2"]
[White "Barros, Luis"]
[Black "Tadevosyan, Aspet"]
[Result "0-1"]
[WhiteElo "1628"]
[BlackElo "1998"]
[PlyCount "72"]
[EventDate "2019.10.27"]
[EventType "swiss"]
[EventRounds "9"]
[EventCountry "POR"]
[SourceTitle "CBM 192 Extra"]
[Source "Chessbase"]
[SourceDate "2019.11.06"]
[SourceVersion "1"]
[SourceVersionDate "2019.11.06"]
[SourceQuality "1"]

1. e4 c5 2. Nf3 d6 3. c3 Nf6 4. h4 Nc6 5. d3 g6 6. g3 Bg7 7. Bg2 0-0 8. 0-0 c4 9. dxc4 Nxe4 10. Nd4 f5 11. Be3 e5 12. Nb5 a6 13. Bxe4 axb5 14. Bd5+ Kh8 15. f4 bxc4 16. Na3 exf4 17. Rxf4 g5 18. Rxc4 Ne5 19. Rb4 f4 20. Bb6 Qf6 21. gxf4 gxf4 22. Qh5 f3 23. Rf1 Bf5 24. Be3 Ra5 25. Nb5 Bg6 26. Qg5 Bd3 27. Qxf6 Rxf6 28. a4 Rg6+ 29. Kf2 Rg2+ 30. Ke1 Re2+ 31. Kd1 Rxe3 32. Rf2 Be2+ 33. Kc2 Bxb5 34. Rxb5 Rxb5 35. axb5 Bh6 36. Kd1 Rd3+ 0-1

[Event "Guimaraes op 3rd"]
[Site "Guimaraes"]
[Date "2019.08.28"]
[Round "1"]
[White "Korning, Peter"]
[Black "Barros, Luis"]
[Result "1-0"]
[WhiteElo "1972"]
[BlackElo "1680"]
[PlyCount "127"]
[EventDate "2019.08.28"]
[EventType "swiss"]
[EventRounds "7"]
[EventCountry "POR"]
[SourceTitle "EXT 2020"]
[Source "ChessBase"]
[SourceDate "2019.10.17"]
[SourceVersion "1"]
[SourceVersionDate "2019.10.17"]
[SourceQuality "1"]

1. Nf3 g6 2. g3 Bg7 3. d4 Nf6 4. Bg2 d6 5. 0-0 0-0 6. c4 Re8 7. Nc3 c6 8. e4 Na6 9. h3 Nd7 10. Be3 e5 11. Rc1 Nc7 12. Qd2 Ne6 13. d5 cxd5 14. cxd5 Nef8 15. Nb5 Nf6 16. Nc7 Nxe4 17. Qb4 Nf6 18. Rfd1 e4 19. Ne1 Re5 20. Qb3 Rh5 21. Nxa8 Bxh3 22. Bxh3 Rxh3 23. Qxb7 Ng4 24. Qc8 Qxc8 25. Rxc8 Nxe3 26. fxe3 Rxg3+ 27. Kf2 Be5 28. Re8 Rg5 29. Nc7 h5 30. Ng2 Rg4 31. Rxe5 dxe5 32. d6 Nd7 33. Nd5 f5 34. Rc1 Kf7 35. Rc7 Ke6 36. Rxd7 Kxd5 37. Rxa7 Kxd6 38. a4 f4 39. Ra6+ Kc7 40. Re6 f3 41. Ne1 Rg5 42. Nxf3 exf3 43. Kxf3 h4 44. Re7+ Kb6 45. Rh7 Rg3+ 46. Kf2 g5 47. b4 Rg4 48. Rh6+ Kc7 49. Rh7+ Kd6 50. Rh6+ Ke7 51. a5 Rxb4 52. a6 Ra4 53. a7 Kf7 54. Rh8 Kg6 55. a8Q Rxa8 56. Rxa8 Kf5 57. Rh8 Ke4 58. Rh5 Kf5 59. Kf3 e4+ 60. Kg2 Kg4 61. Rh8 Kf5 62. Kh3 Kg6 63. Kg4 Kg7 64. Rh5 1-0

[Event "Olympiad-43"]
[Site "Batumi"]
[Date "2018.09.30"]
[Round "6.86"]
[White "Barros, Luis"]
[Black "Brookfield, Toby"]
[Result "1/2-1/2"]
[WhiteElo "1774"]
[BlackElo "1873"]
[PlyCount "71"]
[EventDate "2018.09.24"]
[EventType "team-swiss"]
[EventRounds "11"]
[EventCountry "GEO"]
[SourceTitle "CBM 187"]
[Source "ChessBase"]
[SourceDate "2018.12.11"]
[SourceVersion "1"]
[SourceVersionDate "2018.12.11"]
[SourceQuality "1"]
[WhiteTeam "Kap Verde"]
[BlackTeam "Guernsey"]
[WhiteTeamCountry "KAP"]
[BlackTeamCountry "GCI"]

1. e4 c5 2. Nf3 d6 3. d4 cxd4 4. Nxd4 Nf6 5. Nc3 g6 6. Be3 Bg7 7. f3 Nc6 8. Bc4 0-0 9. Qd2 Bd7 10. h4 Rc8 11. Bb3 h5 12. 0-0-0 Nxd4 13. Bxd4 b5 14. Rdg1 a5 15. a3 b4 16. axb4 axb4 17. Na2 Qc7 18. g4 hxg4 19. h5 gxh5 20. Bxf6 exf6 21. Rxh5 Rfe8 22. Nxb4 Qa7 23. Qg2 Qa1+ 24. Kd2 Qxb2 25. Ke2 f5 26. Rg5 Bb5+ 27. Kf2 Qd4+ 28. Kg3 Qxb4 29. Rxf5 Bc4 30. Kh4 Re6 31. Qxg4 Rg6 32. Rg5 Rc5 33. Rxg6 fxg6 34. Qxg6 Qc3 35. Qe8+ Kh7 36. Qg6+ 1/2-1/2

[Event "Olympiad-43"]
[Site "Batumi"]
[Date "2018.09.28"]
[Round "5.86"]
[White "Volpinari, Danilo"]
[Black "Barros, Luis"]
[Result "1-0"]
[WhiteElo "1985"]
[BlackElo "1774"]
[PlyCount "130"]
[EventDate "2018.09.24"]
[EventType "team-swiss"]
[EventRounds "11"]
[EventCountry "GEO"]
[SourceTitle "CBM 187"]
[Source "ChessBase"]
[SourceDate "2018.12.11"]
[SourceVersion "1"]
[SourceVersionDate "2018.12.11"]
[SourceQuality "1"]
[WhiteTeam "San Marino"]
[BlackTeam "Kap Verde"]
[WhiteTeamCountry "SMR"]
[BlackTeamCountry "KAP"]

1. e4 c5 2. c3 Nc6 3. Nf3 e5 4. Bc4 Nf6 5. d3 d5 6. exd5 Nxd5 7. Qb3 Na5 8. Bb5+ Nc6 9. Nxe5 Qd6 10. Nc4 Qg6 11. 0-0 Bd7 12. Re1+ Be7 13. Ne5 Qd6 14. Nxd7 Qxd7 15. Nd2 0-0 16. Ne4 Rad8 17. Be3 a6 18. Bxc6 Qxc6 19. a4 Rd7 20. a5 f5 21. Bg5 Bxg5 22. Nxg5 Kh8 23. Re6 Qc7 24. Rae1 Qd8 25. R6e5 Nf4 26. Nf7+ Rdxf7 27. Qa4 Rd7 28. Qxf4 Rxd3 29. Rxf5 Rxf5 30. Qxf5 Rd5 31. Qf7 Rd1 32. Qe6 h6 33. h3 Rxe1+ 34. Qxe1 Qc7 35. Qe8+ Kh7 36. Qe4+ g6 37. b4 cxb4 38. cxb4 h5 39. g3 Kg7 40. Qd4+ Kf7 41. Qd5+ Kf6 42. Kg2 Qe7 43. Qd4+ Kf7 44. h4 Qc7 45. Kf3 Qc8 46. Qf4+ Ke6 47. g4 Qd7 48. gxh5 Qd1+ 49. Kg3 Qg1+ 50. Kf3 Qd1+ 51. Kg2 Qxh5 52. Qe4+ Kf6 53. Qf3+ Ke5 54. Qxh5+ gxh5 55. Kf3 Kf5 56. Ke3 Kg4 57. f4 Kxh4 58. Kf3 Kh3 59. f5 h4 60. f6 Kh2 61. f7 b5 62. axb6 h3 63. f8Q Kh1 64. Qc8 Kh2 65. Qc2+ Kh1 1-0

[Event "Olympiad-43"]
[Site "Batumi"]
[Date "2018.09.25"]
[Round "2.3"]
[White "Barros, Luis"]
[Black "Pinto, Daniel"]
[Result "0-1"]
[WhiteElo "1774"]
[BlackElo "2131"]
[PlyCount "50"]
[EventDate "2018.09.24"]
[EventType "team-swiss"]
[EventRounds "11"]
[EventCountry "GEO"]
[SourceTitle "CBM 187"]
[Source "ChessBase"]
[SourceDate "2018.12.11"]
[SourceVersion "1"]
[SourceVersionDate "2018.12.11"]
[SourceQuality "1"]
[WhiteTeam "Kap Verde"]
[BlackTeam "Bolivia"]
[WhiteTeamCountry "KAP"]
[BlackTeamCountry "BOL"]

1. e4 c5 2. Nf3 Nc6 3. c3 Nf6 4. Bd3 e5 5. Bc2 d5 6. exd5 Qxd5 7. h3 e4 8. Qe2 Be6 9. Nh2 0-0-0 10. Na3 Bd6 11. c4 Qe5 12. Nf1 Nd4 13. Qd1 Nh5 14. Ne3 Nf4 15. Nb5 Bb8 16. Nc3 f5 17. b3 Nxc2+ 18. Qxc2 Nd3+ 19. Ke2 f4 20. Ng4 f3+ 21. gxf3 exf3+ 22. Kxf3 Bxg4+ 23. Kg2 Bf3+ 24. Kxf3 Qf4+ 25. Ke2 Rhe8+ 0-1

[Event "CPV-ch"]
[Site "Mindelo"]
[Date "2018.07.04"]
[Round "1"]
[White "Barros, Luis"]
[Black "Pereira, Eder Marcio"]
[Result "0-1"]
[WhiteElo "1739"]
[BlackElo "1690"]
[PlyCount "88"]
[EventDate "2018.07.04"]
[EventType "tourn"]
[EventRounds "5"]
[EventCountry "POR"]
[SourceTitle "EXT 2019"]
[Source "ChessBase"]
[SourceDate "2018.10.10"]
[SourceVersion "1"]
[SourceVersionDate "2018.10.10"]
[SourceQuality "1"]

1. e4 e6 2. d4 d5 3. Nd2 Nf6 4. Bd3 c5 5. c3 Nc6 6. e5 Nd7 7. Ndf3 g6 8. Nh3 Bg7 9. Qe2 0-0 10. 0-0 c4 11. Bc2 b5 12. Nf4 a5 13. h4 h6 14. Bb1 Ne7 15. Be3 Re8 16. Qc2 Nf8 17. g4 f6 18. Kh2 Qc7 19. h5 fxe5 20. Nxg6 Nexg6 21. hxg6 exd4+ 22. Kg2 dxe3 23. fxe3 e5 24. Nh2 Ra6 25. Qd2 Bb7 26. Bf5 Qe7 27. Rf2 Qg5 28. Nf3 d4 29. Qe2 d3 30. Qd2 Nxg6 31. Rh1 Nh4+ 32. Kg3 Nxf5+ 33. Kh3 Bxf3 34. Rxf3 Qh4+ 35. Kg2 Qxg4+ 36. Kf2 e4 37. Rfh3 Rf8 38. Ke1 Bf6 39. Qh2 Qe2+ 40. Qxe2 dxe2 41. Rh5 Ng3 42. Rg1 Bh4 43. Kd2 Rd6+ 44. Kc2 Rd1 0-1